Concordancia greco-española del Nuevo Testamento

Salvato in:
Dettagli Bibliografici
Autore principale: Petter, Hugo M (Autore)
Natura: Libro
Lingua:spagnolo
greco
Pubblicazione: Barcelona Clie 1990
Soggetti:
Tags: Aggiungi Tag
Nessun Tag, puoi essere il primo ad aggiungerne!!

MARC

LEADER 00000nam a2200000 a 4500
001 UCL8019
003 CL-VaPUC
008 040611e19900000SP |||||||||||||||||spa|d
020 |a 8472282635 
041 0 7 |a spa  |2 CL-VaPUC 
041 0 7 |a gre  |2 CL-VaPUC 
082 0 4 |a 225.4  |b PET  |2 21 
100 0 |a Petter, Hugo M  |e author  |9 485930 
245 1 0 |a Concordancia greco-española del Nuevo Testamento 
300 |a 595 p 
942 |c BK 
945 |d 20040611 00:00:00  |a cmena 
260 |a Barcelona  |b Clie  |c 1990 
650 0 |a Textos sagrados   |9 257605 
650 7 |a CONCORDANCIAS  |2 CL-VaPUC  |9 258276 
650 0 |a Nuevo testamento  |9 257604 
583 |a last modification  |c 20040611 00:00:00  |k Rodrigo Vera 
999 |c 309505  |d 309503 
952 |0 0  |1 0  |4 0  |6 225_400000000000000_PET_1990  |7 0  |8 F  |9 376999  |a BIBTEO  |b BIBTEO  |d 2019-11-21  |i 4025059  |o 225.4 PET 1990  |p 4025059  |r 2025-01-17  |w 2019-11-21  |y BK_F  |k ICR